Podmienky života rastlín na Slovensku

Bibliographic Details
Main Author: Kolokolov, N. (Author)
Format: Article
Language:Slovak

MARC

LEADER 00000nab a2200000 a 4500
001 vtls011113128
003 SK-MaSNL
005 20260303150637.0
008 230222|1941 xo |||||||||||||||||slo|
015 |a SNBRB 
035 |a (uuid)f6cfe505-b80e-40a6-8d1c-2949ba7c9db5 
035 |a (urnnbn)urn:nbn:sk:snk:ar-a08h95 
035 |a urn:nbn:sk:snk-ab9joa 
040 |a SNKBUCL  |b slo  |c SNKBUCL  |e AACR2 
041 0 |a slo 
044 |a xo  |c SK 
100 1 |a Kolokolov, N.  |4 aut  |9 353967 
245 1 0 |a Podmienky života rastlín na Slovensku  |c N. Kolokolov 
773 0 |t Slovenské liečivé rastliny  |g Roč. 1, č. 10-11 (1941), s. 291-313 
954 |a odborná, vedecká literatúra pôvodná (slovenská)  |2 lita 
958 |a OND 
958 |a EUIPO 
958 |a article13 
999 |c 2012252  |d 2014182